<?xml version="1.0" encoding="UTF-8"?><?xml-stylesheet type="text/xsl" href="static/style.xsl"?><OAI-PMH xmlns="http://www.openarchives.org/OAI/2.0/" xmlns:xsi="http://www.w3.org/2001/XMLSchema-instance" xsi:schemaLocation="http://www.openarchives.org/OAI/2.0/ http://www.openarchives.org/OAI/2.0/OAI-PMH.xsd"><responseDate>2026-04-17T01:12:34Z</responseDate><request verb="GetRecord" identifier="oai:www.recercat.cat:10459.1/67629" metadataPrefix="marc">https://recercat.cat/oai/request</request><GetRecord><record><header><identifier>oai:recercat.cat:10459.1/67629</identifier><datestamp>2024-12-05T23:03:10Z</datestamp><setSpec>com_2072_3622</setSpec><setSpec>col_2072_478537</setSpec></header><metadata><record xmlns="http://www.loc.gov/MARC21/slim" xmlns:dcterms="http://purl.org/dc/terms/" xmlns:xsi="http://www.w3.org/2001/XMLSchema-instance" xmlns:doc="http://www.lyncode.com/xoai" xsi:schemaLocation="http://www.loc.gov/MARC21/slim http://www.loc.gov/standards/marcxml/schema/MARC21slim.xsd">
   <leader>00925njm 22002777a 4500</leader>
   <datafield ind2=" " ind1=" " tag="042">
      <subfield code="a">dc</subfield>
   </datafield>
   <datafield ind2=" " ind1=" " tag="720">
      <subfield code="a">Huguet Solé, Judit</subfield>
      <subfield code="e">author</subfield>
   </datafield>
   <datafield ind2=" " ind1=" " tag="260">
      <subfield code="c">2019-11-29T12:07:15Z</subfield>
   </datafield>
   <datafield ind2=" " ind1=" " tag="260">
      <subfield code="c">2019-11-29T12:07:15Z</subfield>
   </datafield>
   <datafield ind2=" " ind1=" " tag="260">
      <subfield code="c">2019</subfield>
   </datafield>
   <datafield ind2=" " ind1=" " tag="520">
      <subfield code="a">PREGUNTA D’INVESTIGACIÓ: És efectiva la tècnica de reflexologia podal per la millora de la salut de la dona?  &#xd;
OBJECTIU: Avaluar l’efecte de la reflexologia podal aplicada en la millora de la salut de la dona.  &#xd;
METODOLOGIA: Mètodes de recerca: la recerca es va dur a terme entre octubre del 2018 al gener del 2019 en les bases de dades PubMed, Science Direct i la Biblioteca Cohrane. Criteris de selecció: estudis amb grup control i experimental en llengua castellana, catalana i anglesa disponible des de l’any 2016 sobre la reflexologia podal en els problemes de salut de la dona. La Critical Review From Quantitative Studies (CRF-QS) va ser l’eina utilitzada per l’avaluació metodològica dels estudis.  &#xd;
RESULTATS: En la revisió bibliogràfica s’han inclòs 5 estudis publicats entre el 2016 i el 2018. Comprenien un total de 459 participants dels quals 120 són dones en el període menopàusic, 64 pateixen de dolor lumbar per l’embaràs, 60 dones amb càncer de mama, 154 dones en la fase de dilatació del part i 61 dones que sofreixen d’estrès per l’embaràs.   &#xd;
CONCLUSIÓ: Els estudis inclosos en la revisió demostren que la reflexologia podal resulta una tècnica efectiva en la millora dels problemes de salut de la dona, tot i la falta de resultats estadísticament significatius.</subfield>
   </datafield>
   <datafield ind2=" " ind1=" " tag="520">
      <subfield code="a">QUESTION: Is the technique of reflexology able to improve the health of women? &#xd;
OBJECTIVE: Assess the effect of the podal reflexology applied to improve the health of the woman. &#xd;
METHODOLOGY: Researches methods: The research it was conducted among October of the 2018 and January of the 2019 with the PubMed databases, Science Direct and the Cohrane Library. Criteria of selection: studies with control group and experimental group in Spanish, Catalan and English language, published since 2016 about the podal reflexology on the health woman problems. The CriticalReview From Quantitative Studies (CRF-*QS) was the tool used f tor he methodological appraisal of the research. &#xd;
RESULTS: In the bibliographic review have been included 5 surveys published among the 2016 and the 2018. Those comprise a total of 459 participants, 120 of those participants are women at the menopause period, 64 suffer lumbar ache for the pregnancy, 60 women with breast cancer, 154 women at the phase of dilatation of the childbirth and 61 women that suffer of stress for the pregnancy.  &#xd;
CONCLUSION: The surveys included at the review evidence that the podal reflexology results an effective technique for the improvement of the problems on the health of the woman, however there are not significative sadistic results.</subfield>
   </datafield>
   <datafield ind1="8" ind2=" " tag="024">
      <subfield code="a">http://hdl.handle.net/10459.1/67629</subfield>
   </datafield>
   <datafield tag="653" ind2=" " ind1=" ">
      <subfield code="a">Teràpia reflexa</subfield>
   </datafield>
   <datafield tag="653" ind2=" " ind1=" ">
      <subfield code="a">Reflexologia podal</subfield>
   </datafield>
   <datafield tag="653" ind2=" " ind1=" ">
      <subfield code="a">Dona</subfield>
   </datafield>
   <datafield tag="653" ind2=" " ind1=" ">
      <subfield code="a">Salut de la dona</subfield>
   </datafield>
   <datafield tag="653" ind2=" " ind1=" ">
      <subfield code="a">Embaràs</subfield>
   </datafield>
   <datafield tag="653" ind2=" " ind1=" ">
      <subfield code="a">Càncer de mama</subfield>
   </datafield>
   <datafield tag="653" ind2=" " ind1=" ">
      <subfield code="a">Menopausa</subfield>
   </datafield>
   <datafield tag="653" ind2=" " ind1=" ">
      <subfield code="a">Reflexotherapy</subfield>
   </datafield>
   <datafield tag="653" ind2=" " ind1=" ">
      <subfield code="a">Foot reflexology</subfield>
   </datafield>
   <datafield tag="653" ind2=" " ind1=" ">
      <subfield code="a">Woman</subfield>
   </datafield>
   <datafield tag="653" ind2=" " ind1=" ">
      <subfield code="a">Women’s  Health</subfield>
   </datafield>
   <datafield tag="653" ind2=" " ind1=" ">
      <subfield code="a">Pregnancy</subfield>
   </datafield>
   <datafield tag="653" ind2=" " ind1=" ">
      <subfield code="a">Breast cancer</subfield>
   </datafield>
   <datafield tag="653" ind2=" " ind1=" ">
      <subfield code="a">Menopause</subfield>
   </datafield>
   <datafield tag="653" ind2=" " ind1=" ">
      <subfield code="a">Reflexologia (Teràpia)</subfield>
   </datafield>
   <datafield tag="653" ind2=" " ind1=" ">
      <subfield code="a">Mama -- Càncer</subfield>
   </datafield>
   <datafield tag="653" ind2=" " ind1=" ">
      <subfield code="a">Menopausa</subfield>
   </datafield>
   <datafield tag="653" ind2=" " ind1=" ">
      <subfield code="a">Embaràs</subfield>
   </datafield>
   <datafield ind2="0" ind1="0" tag="245">
      <subfield code="a">Reflexologia podal en la millora de la salut de la dona: Revisió bibliogràfica</subfield>
   </datafield>
</record></metadata></record></GetRecord></OAI-PMH>